<?xml version="1.0" encoding="UTF-8"?>
<record
    xmlns:xsi="http://www.w3.org/2001/XMLSchema-instance"
    xsi:schemaLocation="http://www.loc.gov/MARC21/slim http://www.loc.gov/standards/marcxml/schema/MARC21slim.xsd"
    xmlns="http://www.loc.gov/MARC21/slim">

  <leader>01542nam a22001697a 4500</leader>
  <controlfield tag="008">200310b        xxu||||| |||| 00| 0 eng d</controlfield>
  <datafield tag="020" ind1=" " ind2=" ">
    <subfield code="a">9781133936527</subfield>
  </datafield>
  <datafield tag="050" ind1=" " ind2=" ">
    <subfield code="a">HG4521.M37(11e)</subfield>
  </datafield>
  <datafield tag="100" ind1=" " ind2=" ">
    <subfield code="a">Mayo, Herbert B.</subfield>
  </datafield>
  <datafield tag="245" ind1=" " ind2=" ">
    <subfield code="a">Investments: an introduction. /</subfield>
    <subfield code="c">Herbert B. Mayo.</subfield>
  </datafield>
  <datafield tag="250" ind1=" " ind2=" ">
    <subfield code="a">11th ed.</subfield>
  </datafield>
  <datafield tag="260" ind1=" " ind2=" ">
    <subfield code="a">Mason :</subfield>
    <subfield code="b">South-Western Cengage Learning,</subfield>
    <subfield code="c">2014.</subfield>
  </datafield>
  <datafield tag="300" ind1=" " ind2=" ">
    <subfield code="a">xix, 791 p. :</subfield>
    <subfield code="b">ill. ;</subfield>
    <subfield code="c">25 cm.</subfield>
  </datafield>
  <datafield tag="500" ind1=" " ind2=" ">
    <subfield code="a">Includes index.</subfield>
  </datafield>
  <datafield tag="505" ind1=" " ind2=" ">
    <subfield code="a">Contents: Part 1: The investment process and financial concepts: An introduction to investments -- Securities markets -- The time value of money -- Financial planning, taxation, and the efficiency of financial markets -- Risk and portfolio management -- Part 2: Investment companies: Investment companies: mutual funds -- Closed-end investment companies, Real Estate Investment Trusts (RTEIs), and Exchange-Traded Funds (ETFs) -- Part 3: Investing in common stock: Stock -- The valuation of common stock -- Investment returns and aggregate measures of stock markets -- The macroeconomic environment for investment decisions -- Behavioral finance and technical analysis -- Part 4: Investing in fixed-income securities: The bond market -- The valuation of fixed-income securities -- Government securities -- Convertible bonds and convertible preferred stock -- Part 5: Derivatives: An introduction to options -- Option valuation and strategies -- Commodity and financial futures -- Part 6: An overview: Financial planning and investing in an efficient market context. </subfield>
  </datafield>
  <datafield tag="942" ind1=" " ind2=" ">
    <subfield code="2">lcc</subfield>
    <subfield code="c">BK</subfield>
  </datafield>
  <datafield tag="999" ind1=" " ind2=" ">
    <subfield code="c">7140</subfield>
    <subfield code="d">14640</subfield>
  </datafield>
  <datafield tag="952" ind1=" " ind2=" ">
    <subfield code="0">0</subfield>
    <subfield code="1">0</subfield>
    <subfield code="2">lcc</subfield>
    <subfield code="4">0</subfield>
    <subfield code="7">0</subfield>
    <subfield code="a">WIUC-1</subfield>
    <subfield code="b">WIUC-1</subfield>
    <subfield code="c">REF</subfield>
    <subfield code="d">2020-03-10</subfield>
    <subfield code="l">0</subfield>
    <subfield code="o">HG4521.M37(11e)</subfield>
    <subfield code="p">8637/089/20</subfield>
    <subfield code="r">2020-03-10 00:00:00</subfield>
    <subfield code="t">1</subfield>
    <subfield code="w">2020-03-10</subfield>
    <subfield code="y">BK</subfield>
  </datafield>
</record>
